| 000 | 00890nam a22002177a 4500 | ||
|---|---|---|---|
| 999 |
_c18709 _d18709 |
||
| 003 | AR-CdUCM | ||
| 008 | 190515b ||||| |||| 00| 0 spá d | ||
| 040 |
_aMUNICIPALIDAD PROVINCIAL DEL CUSCO _cBIBLIOTECA MUNICIPAL DEL CUSCO |
||
| 082 |
_a985.61 / _bC12 |
||
| 100 |
_aCaballero Girón, Fredy _939451 |
||
| 245 | _aTrascendencia Histórica de la Universidad NAcional de San Antonio Abad del Cusco / | ||
| 260 |
_aCusco : _bBiblioteca Nacional del Perú, _c2010. |
||
| 300 |
_a260 paginas ; _bIlustraciones, graficos, dibujos, _c21 cm. |
||
| 505 | _aContenido: La universidad en la colonia -- Creación de la primera universidad de San Ignacio de la Oyola -- La universidad Antoniana toma posesion del local central... | ||
| 650 |
_aUNSAAC _98726 |
||
| 650 |
_aUSI _939452 |
||
| 650 |
_aUniversidades _92151 |
||
| 650 |
_aPerú _935 |
||
| 942 |
_2ddc _cLIBROS |
||
| 945 |
_apjha _d2019-05-15 |
||